| 000 | 01733cam a22002654a 4500 | ||
|---|---|---|---|
| 001 | 16690604 | ||
| 005 | 20121126144436.0 | ||
| 008 | 110314s2011 enka b 000 0 eng | ||
| 016 | 7 |
_a015780789 _2Uk |
|
| 020 | _a0521768705 | ||
| 020 | _a9780521768702 (hardback) | ||
| 082 | 0 | 0 |
_a621.382 _222 _bGHO |
| 100 | 1 |
_aGhosh, Amitabha, _d1958- _931481 |
|
| 245 | 1 | 0 |
_aEssentials of LTE and LTE-A / _cAmitabha Ghosh and Rapeepat Ratasuk. |
| 260 |
_aCambridge UK ; _aNew York : _bCambridge University Press, _c2011. |
||
| 300 |
_axiii, 249 p. : _bill. ; _c24 cm. |
||
| 490 | 1 | _aThe Cambridge wireless essentials series | |
| 504 | _aIncludes bibliographical references. | ||
| 505 | 8 | _aMachine generated contents note: 1. Genesis of wireless broadband technology (from 2G to 4.5G); 2. LTE overview; 3. Downlink transmission and system performance; 4. Uplink transition and system performance; 5. MIMO; 6. LTE-advanced; 7. Comparison of broadband technologies; 8. Appendix. | |
| 520 | _a"This practical, one-stop guide will quickly bring you up-to-speed on LTE and LTE-Advanced. With everything you need to know about the theory and technology behind the standards, this is a must-have for engineers and managers in the wireless industry. First book of its kind describing technologies and system performance of LTE-A. Covers the evolution of digital wireless technology, basics of LTE and LTE-A, design of downlink and uplink channels, multi-antenna techniques and heterogeneous networks. Analyzes performance benefits over competing technologies, including WiMAX and 802.16m"-- | ||
| 650 | 0 |
_aLong-Term Evolution (Telecommunications) _931482 |
|
| 653 |
_bEle _cNovember2012 |
||
| 700 | 1 |
_aRatasuk, Rapeepat. _931483 |
|
| 942 |
_2ddc _cBB |
||
| 999 |
_c17111 _d17083 |
||